header

Extruded cable for high voltage direct current transmission (Record no. 41406)

MARC details
000 -LEADER
fixed length control field 01789nam a2200397 a 4500
082 04 - DEWEY DECIMAL CLASSIFICATION NUMBER
Classification number 333.793/2
100 1# - MAIN ENTRY--AUTHOR NAME
Personal name Mazzanti, Giovanni,
245 10 - TITLE STATEMENT
Title Extruded cable for high voltage direct current transmission
260 ## - PUBLICATION, DISTRIBUTION, ETC. (IMPRINT)
Place of publication Hoboken, N.J. :
Name of publisher IEEE Press ; Wiley,
Year of publication c2013.
300 ## - PHYSICAL DESCRIPTION
Number of Pages 1 online resource (xxviii, 349 p.) :
Other physical details ill. (some col.), graphs.
490 1# - SERIES STATEMENT
Series statement IEEE Press Series on Power Engineering
650 #0 - SUBJECT ADDED ENTRY--TOPICAL TERM
Topical Term Electric power distribution
Topical Term Electric power distribution
Topical Term Electric cables.
Topical Term Electric cable sheathing.
700 1# - ADDED ENTRY--PERSONAL NAME
Personal name Marzinotto, Massimo,
856 40 - ELECTRONIC LOCATION AND ACCESS
Uniform Resource Identifier http://site.ebrary.com/lib/rucke/Doc?id=10718841
588 ## -
-- Description based on online resource; title from title page (ebrary, viewed June 17, 2013).
922 ## -
-- Innodata Copy

No items available.

© 2026 Rongo University
Contact us: librarian | system librarian | Rongo university